[Event "RUS-ch Boys U21 2020"]
[Site "Moscow"]
[Date "2020.12.09"]
[Round "2"]
[White "Pogosyan, Stefan"]
[Black "Gaifullin, Artur"]
[Result "1/2-1/2"]
[WhiteElo "2430"]
[BlackElo "2460"]
[Annotator "broadcasts"]
[PlyCount "113"]
[EventDate "2020.12.08"]
[EventType "tourn"]
[EventCountry "RUS"]

1. e4 {[%emt 0:00:00]} e5 {[%emt 0:06:44]} 2. Nf3 {[%emt 0:00:00]} Nc6 {[%emt 0:00:08]} 3. Bb5 {[%emt 0:00:00]} f5 {[%emt 0:00:05]} 4. d3 {[%emt 0:02:58]} fxe4 {[%emt 0:00:05]} 5. dxe4 {[%emt 0:00:06]} Nf6 {[%emt 0:00:04]} 6. O-O {[%emt 0:01:54]} Bc5 {[%emt 0:00:09]} 7. Bxc6 {[%emt 0:04:04]} bxc6 {[%emt 0:02:29]} 8. Nxe5 {[%emt 0:01:07]} O-O {[%emt 0:02:07]} 9. Nc3 {[%emt 0:07:34]} d6 {[%emt 0:06:17]} 10. Nd3 {[%emt 0:06:21]} Bd4 {[%emt 0:02:07]} 11. Ne2 {[%emt 0:03:37]} Bb6 {[%emt 0:00:04]} 12. Bg5 {[%emt 0:00:38]} Qe8 {[%emt 0:00:49]} 13. Bxf6 {[%emt 0:01:48]} Rxf6 {[%emt 0:00:15]} 14. Ng3 {[%emt 0:01:31]} Ba6 {[%emt 0:02:53]} 15. b3 {[%emt 0:08:39]} Bxd3 {[%emt 0:04:39]} 16. cxd3 {[%emt 0:00:47]} Qe5 {[%emt 0:00:08]} 17. Rc1 {[%emt 0:02:14]} Raf8 {[%emt 0:02:32]} 18. Rc2 {[%emt 0:00:12]} g6 {[%emt 0:02:38]} 19. Qc1 {[%emt 0:21:07]} Qd4 {[%emt 0:06:02]} 20. Ne2 {[%emt 0:13:44]} Qxd3 {[%emt 0:01:53]} 21. Nc3 {[%emt 0:01:04]} Bd4 {[%emt 0:19:48]} 22. Nd1 {[%emt 0:04:32]} c5 {[%emt 0:01:58]} 23. Re1 {[%emt 0:01:19]} Re6 {[%emt 0:02:04]} 24. Rce2 {[%emt 0:01:14]} d5 {[%emt 0:02:07]} 25. e5 {[%emt 0:01:16]} Rf5 {[%emt 0:00:33]} 26. Nb2 {[%emt 0:01:50]} Qa6 {[%emt 0:09:28]} 27. Na4 {[%emt 0:02:07]} c4 {[%emt 0:02:39]} 28. Qd2 {[%emt 0:02:12]} c5 {[%emt 0:00:41]} 29. g3 {[%emt 0:04:11]} Rf3 {[%emt 0:06:33]} 30. Kg2 {[%emt 0:01:26]} c3 {[%emt 0:00:34]} 31. Qg5 {[%emt 0:01:09]} Rf8 {[%emt 0:00:13]} 32. Qc1 {[%emt 0:01:02]} Qd3 {[%emt 0:00:20]} 33. f4 {[%emt 0:02:03]} g5 {[%emt 0:00:20]} 34. Qc2 {[%emt 0:00:40]} Qxc2 {[%emt 0:01:13]} 35. Rxc2 {[%emt 0:00:30]} gxf4 {[%emt 0:00:05]} 36. gxf4 {[%emt 0:00:08]} Rxf4 {[%emt 0:00:28]} 37. Nxc3 {[%emt 0:00:34]} Kg7 {[%emt 0:12:33]} 38. Nxd5 {[%emt 0:00:52]} Rg6+ {[%emt 0:02:06]} 39. Kh1 {[%emt 0:00:59]} Rfg4 {[%emt 0:00:53]} 40. Rcc1 {[%emt 0:00:00]} Re6 {[%emt 0:00:00]} 41. Nc7 {[%emt 0:09:13]} Re7 {[%emt 0:04:01]} 42. e6 {[%emt 0:02:33]} Rg5 {[%emt 0:00:06]} 43. Re2 {[%emt 0:06:08]} Rf5 {[%emt 0:01:55]} 44. Nb5 {[%emt 0:03:13]} Kf6 {[%emt 0:09:13]} 45. Re4 {[%emt 0:02:24]} Rxe6 {[%emt 0:06:17]} 46. Rxd4 {[%emt 0:00:35]} cxd4 {[%emt 0:00:07]} 47. Nxd4 {[%emt 0:00:03]} Rf2 {[%emt 0:00:05]} 48. Nxe6 {[%emt 0:00:10]} Kxe6 {[%emt 0:00:04]} 49. Rc6+ {[%emt 0:00:13]} Kf5 {[%emt 0:02:12]} 50. Ra6 {[%emt 0:00:29]} Kg4 {[%emt 0:00:14]} 51. Rxa7 {[%emt 0:01:36]} h5 {[%emt 0:00:10]} 52. Rg7+ {[%emt 0:03:47]} Kh3 {[%emt 0:00:12]} 53. Rg3+ {[%emt 0:00:19]} Kh4 {[%emt 0:00:03]} 54. Rg2 {[%emt 0:00:13]} Rf1+ {[%emt 0:00:18]} 55. Rg1 {[%emt 0:00:07]} Rf2 {[%emt 0:00:04]} 56. a4 {[%emt 0:02:55]} Rxh2+ {[%emt 0:00:08]} 57. Kxh2 {[%emt 0:00:09]} 1/2-1/2

[Event "RUS-ch Boys U21 2020"]
[Site "Moscow"]
[Date "2020.12.09"]
[Round "2"]
[White "Smirnov, Timofey"]
[Black "Lobanov, Sergei"]
[Result "1-0"]
[WhiteElo "2394"]
[BlackElo "2522"]
[Annotator "TA"]
[PlyCount "85"]
[EventDate "2020.12.08"]
[EventType "tourn"]
[EventCountry "RUS"]

{[%evp 18,85,0,18,25,22,27,28,20,0,19,20,28,6,20,11,14,23,56,60,81,58,62,39,48,55,46,29,58,28,50,41,32,30,156,152,141,142,144,144,144,144,156,148,151,151,147,148,183,174,233,240,220,244,229,229,197,201,258,193,240,243,256,246,213,224,288,272,502,519]} 1. e4 c5 2. Nf3 d6 3. d4 cxd4 4. Nxd4 Nf6 5. Nc3 Nc6 6. g3 g6 7. Bg2 Nxd4 8. Qxd4 Bg7 9. O-O O-O 10. a4 Be6 {White should prevent ...Nd5. B70: Sicilian Dragon: 6 g3 and 6 Be2 (without a later Be3).} 11. Qd1 Qd7 12. Re1 Rac8 {[#] White has an edge.} 13. a5 $146 ({Predecessor:} 13. Be3 a6 14. Bd4 Rc4 15. a5 Rxd4 16. Qxd4 Nd5 17. Qd3 Nxc3 18. bxc3 Qc7 19. Ra3 {1-0 (27) Bunis,V (2266)-Todorov,M (2228) Sunny Beach 2012}) 13... b5 14. axb6 axb6 15. Be3 Ng4 16. Bd4 Bxd4 17. Qxd4 Ne5 18. f4 Nc6 19. Qf2 {f5 is the strong threat.} Nb4 20. Re2 Bc4 21. Rd2 Qc7 $1 22. Ra4 Qc5 23. Ra7 $36 {[%mdl 2048] White fights for an advantage.} Nc6 24. Rb7 Rb8 $1 {[%cal Rb8b7]} 25. Rxb8 Rxb8 {[#] White stays focused until the end.} (25... Nxb8 $11 {keeps the balance.} 26. Nd5 Bxd5 27. Rxd5 Qc7) 26. e5 $1 $16 {[%cal Re5d6][%mdl 512] Threatens to win with exd6.} Nb4 (26... dxe5 27. Qxc5) 27. exd6 {Hoping for Qxc5.} exd6 28. Ne4 Qxf2+ 29. Kxf2 d5 30. Nf6+ Kg7 31. Nd7 $1 {[%cal Rd7b8]} ({Much worse is} 31. Nxd5 Nxd5 32. b3 (32. Bxd5 Rd8 $17) 32... Nxf4 $1 $11 {[%mdl 512]}) 31... Rb7 32. Ne5 Rc7 33. c3 Na6 (33... Nc6 {keeps fighting.}) 34. Bxd5 $18 Bxd5 35. Rxd5 {[%mdl 4096] Endgame KRN-KRN} Nc5 36. Ke3 f6 37. Nc4 Re7+ 38. Kf3 Rb7 39. b4 Na4 {[#]} 40. Nd6 $1 {[%cal Rd6b7]} Re7 41. c4 Kf8 42. Rd2 Re6 $2 (42... Nc3 43. Nc8 Re6 44. Rd8+ Kf7 45. Rd7+ Ke8) 43. Nb5 {Weighted Error Value: White=0.08/Black=0.26} 1-0

[Event "RUS-ch Boys U21 2020"]
[Site "Moscow"]
[Date "2020.12.10"]
[Round "3"]
[White "Lobanov, Sergei"]
[Black "Pogosyan, Stefan"]
[Result "1/2-1/2"]
[WhiteElo "2522"]
[BlackElo "2430"]
[Annotator "broadcasts"]
[PlyCount "119"]
[EventDate "2020.12.08"]
[EventType "tourn"]
[EventCountry "RUS"]

1. e4 {[%emt 0:00:00]} c6 {[%emt 0:02:21]} 2. Nf3 {[%emt 0:01:47]} d6 {[%emt 0:01:53]} 3. d4 {[%emt 0:00:10]} Nd7 {[%emt 0:01:23]} 4. Bc4 {[%emt 0:03:29]} e5 {[%emt 0:03:10]} 5. O-O {[%emt 0:02:02]} Be7 {[%emt 0:00:19]} 6. a4 {[%emt 0:02:10]} Ngf6 {[%emt 0:00:31]} 7. Nc3 {[%emt 0:00:27]} O-O {[%emt 0:00:25]} 8. Re1 {[%emt 0:06:50]} Re8 {[%emt 0:00:27]} 9. Ba2 {[%emt 0:07:50]} Bf8 {[%emt 0:01:43]} 10. a5 {[%emt 0:02:46]} h6 {[%emt 0:03:35]} 11. h3 {[%emt 0:01:13]} Rb8 {[%emt 0:07:33]} 12. Be3 {[%emt 0:04:08]} b6 {[%emt 0:01:14]} 13. axb6 {[%emt 0:04:19]} axb6 {[%emt 0:01:32]} 14. Nd2 {[%emt 0:10:39]} b5 {[%emt 0:06:34]} 15. Ne2 {[%emt 0:00:13]} Bb7 {[%emt 0:05:18]} 16. dxe5 {[%emt 0:08:03]} dxe5 {[%emt 0:00:11]} 17. Ng3 {[%emt 0:00:19]} c5 {[%emt 0:05:48]} 18. c3 {[%emt 0:05:15]} Qc7 {[%emt 0:08:02]} 19. Qb3 {[%emt 0:03:32]} Re7 {[%emt 0:12:25]} 20. Qxb5 {[%emt 0:01:34]} Bxe4 {[%emt 0:01:34]} 21. Qa4 {[%emt 0:00:16]} Bd5 {[%emt 0:02:48]} 22. Bxd5 {[%emt 0:04:10]} Nxd5 {[%emt 0:00:01]} 23. Qc2 {[%emt 0:08:47]} g6 {[%emt 0:04:59]} 24. Nc4 {[%emt 0:01:38]} N7b6 {[%emt 0:06:08]} 25. Nxb6 {[%emt 0:00:57]} Nxb6 {[%emt 0:00:21]} 26. Ne4 {[%emt 0:02:42]} Re6 {[%emt 0:00:39]} 27. c4 {[%emt 0:01:41]} f5 {[%emt 0:02:34]} 28. Nc3 {[%emt 0:00:48]} Nxc4 {[%emt 0:10:18]} 29. Bxh6 {[%emt 0:00:13]} Bxh6 {[%emt 0:00:09]} 30. Nd5 {[%emt 0:00:01]} Qf7 {[%emt 0:00:10]} 31. Qxc4 {[%emt 0:00:04]} Rd6 {[%emt 0:00:20]} 32. Rxe5 {[%emt 0:07:12]} Bg7 {[%emt 0:01:23]} 33. Ra7 {[%emt 0:00:44]} Bxe5 {[%emt 0:03:12]} 34. Rxf7 {[%emt 0:01:33]} Kxf7 {[%emt 0:00:04]} 35. g4 {[%emt 0:01:29]} fxg4 {[%emt 0:04:01]} 36. hxg4 {[%emt 0:00:41]} Rxb2 {[%emt 0:01:18]} 37. Qxc5 {[%emt 0:01:13]} Re6 {[%emt 0:00:59]} 38. Qa7+ {[%emt 0:00:45]} Kf8 {[%emt 0:01:16]} 39. Qd7 {[%emt 0:01:41]} Re8 {[%emt 0:00:58]} 40. Qh7 {[%emt 0:00:00]} Re6 {[%emt 0:00:00]} 41. Qd7 {[%emt 0:05:49]} Re8 {[%emt 0:02:45]} 42. g5 {[%emt 0:05:18]} Bd4 {[%emt 0:06:45]} 43. Qd6+ {[%emt 0:00:11]} Kg7 {[%emt 0:00:49]} 44. Ne7 {[%emt 0:14:36]} Rd2 {[%emt 0:14:16]} 45. Qxg6+ {[%emt 0:05:22]} Kf8 {[%emt 0:00:14]} 46. Qf5+ {[%emt 0:00:34]} Kxe7 {[%emt 0:01:59]} 47. Qe4+ {[%emt 0:00:04]} Kd8 {[%emt 0:02:20]} 48. Qd5+ {[%emt 0:02:47]} Ke7 {[%emt 0:00:08]} 49. Qe4+ {[%emt 0:00:56]} Kd8 {[%emt 0:00:11]} 50. Qa8+ {[%emt 0:00:02]} Ke7 {[%emt 0:00:29]} 51. Qb7+ {[%emt 0:00:32]} Ke6 {[%emt 0:01:51]} 52. Qb3+ {[%emt 0:01:11]} Kf5 {[%emt 0:01:53]} 53. Qf7+ {[%emt 0:00:07]} Kxg5 {[%emt 0:00:18]} 54. Qxe8 {[%emt 0:00:02]} Bxf2+ {[%emt 0:01:19]} 55. Kf1 {[%emt 0:00:02]} Kf4 {[%emt 0:00:19]} 56. Qf7+ {[%emt 0:02:14]} Ke3 {[%emt 0:00:57]} 57. Qb3+ {[%emt 0:00:13]} Kd4 {[%emt 0:00:17]} 58. Qb4+ {[%emt 0:00:16]} Kd3 {[%emt 0:00:08]} 59. Qa3+ {[%emt 0:00:45]} Kd4 {[%emt 0:00:26]} 60. Qb4+ {[%emt 0:01:16]} 1/2-1/2

[Event "RUS-ch Boys U21 2020"]
[Site "Moscow"]
[Date "2020.12.10"]
[Round "3"]
[White "Murzin, Volodar"]
[Black "Triapishko, Alexandr"]
[Result "1/2-1/2"]
[WhiteElo "2470"]
[BlackElo "2506"]
[Annotator "TA"]
[PlyCount "110"]
[EventDate "2020.12.08"]
[EventType "tourn"]
[EventCountry "RUS"]

{[%evp 19,110,30,30,31,33,32,35,23,32,27,60,62,57,0,0,0,15,19,18,0,19,0,0,0,0,0,0,0,14,0,28,28,28,26,28,25,36,36,37,34,36,18,22,12,19,19,23,10,30,19,29,10,38,10,23,10,10,10,10,10,10,10,10,10,10,8,8,0,10,10,10,10,10,4,25,16,25,14,23,14,24,12,15,12,29,0,0,0,33,0,0,0,26]} 1. e4 e5 2. Nf3 Nc6 3. Bb5 a6 4. Ba4 d6 5. O-O Nf6 6. Re1 Bd7 7. Bxc6 Bxc6 8. d4 Be7 9. Nc3 exd4 10. Nxd4 O-O 11. Nf5 {C79: Ruy Lopez: Steinitz-type lines with 3...a6 4 Ba4 Nf6 5 0-0 d6.} Nd7 12. Nd5 Bf6 13. Nxf6+ {White is slightly better.} Qxf6 {[#]} 14. Re3 $146 ({Predecessor:} 14. Bd2 Rfe8 15. Bc3 Qg6 16. f3 f6 17. Kh1 Nc5 18. Qd2 Ne6 19. Rad1 Rad8 20. Bb4 {0-1 (66) Naiditsch,A (2663)-Krasenkow,M (2610) Drancy 2016}) 14... Ne5 15. Bd2 Bd7 16. Ng3 (16. Qh5 $1 $14) 16... Nc4 $11 17. Rb3 Nxd2 (17... Nxb2 {with more complications.} 18. Qe1 Nc4 19. Bc3 Qg5 20. Rxb7 Qc5) 18. Qxd2 Bc6 19. c4 Rfe8 20. Re1 Re5 21. Rbe3 Rae8 22. b3 h5 23. f3 g6 24. Qc3 R5e6 (24... Qg7 {is interesting.} 25. Ne2 f5 26. Nd4 f4 27. Rd3 a5) 25. Qxf6 Rxf6 26. Ne2 Rfe6 27. Kf2 Re5 28. Nf4 Kg7 29. h4 a5 30. a4 b6 31. R3e2 Bb7 32. Rd1 R8e7 33. Rdd2 Re8 34. Nd5 Rc8 35. Re3 Ree8 36. Nc3 Bc6 37. Nb5 {aiming for Na7.} Bb7 38. Re1 Re7 39. Nc3 Rce8 40. Ree2 Bc6 41. Rc2 f6 42. Nd5 Rf7 43. Rc1 Bb7 44. Nf4 Rfe7 45. Rg1 Bc8 46. Ke1 Rh8 47. Kd2 Rf7 48. Rh1 Re8 49. Ree1 Rh8 50. Kd3 Re8 51. Kd4 Rh8 52. Reg1 Re8 53. Nd5 Be6 54. Nf4 Bc8 55. g3 Bd7 {Weighted Error Value: White=0.08/Black=0.07} 1/2-1/2

[Event "RUS-ch Boys U21 2020"]
[Site "Moscow"]
[Date "2020.12.10"]
[Round "3"]
[White "Salemgareev, Tagir"]
[Black "Smirnov, Timofey"]
[Result "1-0"]
[WhiteElo "2463"]
[BlackElo "2394"]
[Annotator "broadcasts"]
[PlyCount "127"]
[EventDate "2020.12.08"]
[EventType "tourn"]
[EventCountry "RUS"]

1. e4 {[%emt 0:00:00]} e5 {[%emt 0:00:33]} 2. Nf3 {[%emt 0:00:00]} Nc6 {[%emt 0:00:06]} 3. Bb5 {[%emt 0:00:00]} a6 {[%emt 0:00:07]} 4. Ba4 {[%emt 0:00:00]} Nf6 {[%emt 0:00:07]} 5. O-O {[%emt 0:00:03]} Be7 {[%emt 0:00:41]} 6. Re1 {[%emt 0:00:14]} b5 {[%emt 0:00:09]} 7. Bb3 {[%emt 0:00:04]} d6 {[%emt 0:00:08]} 8. c3 {[%emt 0:00:07]} O-O {[%emt 0:00:18]} 9. h3 {[%emt 0:00:15]} Bb7 {[%emt 0:01:00]} 10. d4 {[%emt 0:00:22]} Re8 {[%emt 0:00:26]} 11. Nbd2 {[%emt 0:00:13]} Bf8 {[%emt 0:01:41]} 12. d5 {[%emt 0:00:24]} Nb8 {[%emt 0:02:32]} 13. Nf1 {[%emt 0:00:39]} Nbd7 {[%emt 0:02:22]} 14. N3h2 {[%emt 0:00:41]} c6 {[%emt 0:01:41]} 15. dxc6 {[%emt 0:06:47]} Bxc6 {[%emt 0:00:12]} 16. Ng4 {[%emt 0:03:56]} Bxe4 {[%emt 0:10:58]} 17. Rxe4 {[%emt 0:29:38]} Nxe4 {[%emt 0:00:10]} 18. Bxf7+ {[%emt 0:00:29]} Kxf7 {[%emt 0:01:32]} 19. Qd5+ {[%emt 0:00:07]} Re6 {[%emt 0:00:12]} 20. Qxe4 {[%emt 0:00:04]} Kg8 {[%emt 0:06:45]} 21. Be3 {[%emt 0:00:45]} h5 {[%emt 0:01:26]} 22. Ngh2 {[%emt 0:01:18]} Nf6 {[%emt 0:00:31]} 23. Qf5 {[%emt 0:01:15]} Qe8 {[%emt 0:02:01]} 24. Nf3 {[%emt 0:11:26]} g6 {[%emt 0:03:26]} 25. Qc2 {[%emt 0:00:56]} d5 {[%emt 0:00:33]} 26. Ng5 {[%emt 0:01:40]} Rc6 {[%emt 0:03:48]} 27. Re1 {[%emt 0:01:50]} Nh7 {[%emt 0:02:02]} 28. Nf3 {[%emt 0:11:36]} Re6 {[%emt 0:00:51]} 29. Qb3 {[%emt 0:04:46]} Rd8 {[%emt 0:01:14]} 30. Bg5 {[%emt 0:03:14]} Rdd6 {[%emt 0:03:15]} 31. Bh4 {[%emt 0:02:52]} Bg7 {[%emt 0:05:24]} 32. Bg3 {[%emt 0:04:14]} Rd8 {[%emt 0:06:07]} 33. Ne3 {[%emt 0:03:24]} a5 {[%emt 0:07:32]} 34. a3 {[%emt 0:01:32]} a4 {[%emt 0:05:07]} 35. Qa2 {[%emt 0:00:06]} Qc6 {[%emt 0:24:33]} 36. Rd1 {[%emt 0:01:42]} Kf7 {[%emt 0:05:42]} 37. Rxd5 {[%emt 0:06:00]} Rxd5 {[%emt 0:00:05]} 38. Nxd5 {[%emt 0:00:06]} Kf8 {[%emt 0:03:10]} 39. Nb4 {[%emt 0:01:23]} Qd7 {[%emt 0:00:22]} 40. Nd3 {[%emt 0:00:00]} Qd6 {[%emt 0:00:00]} 41. b4 {[%emt 0:07:02]} Re8 {[%emt 0:13:25]} 42. Qe2 {[%emt 0:04:56]} Qd5 {[%emt 0:04:37]} 43. Bxe5 {[%emt 0:12:25]} Bxe5 {[%emt 0:01:48]} 44. Nfxe5 {[%emt 0:00:44]} Kg7 {[%emt 0:01:38]} 45. Qe3 {[%emt 0:00:44]} Nf8 {[%emt 0:00:57]} 46. f4 {[%emt 0:01:02]} Qd6 {[%emt 0:02:25]} 47. Kh2 {[%emt 0:05:12]} Nd7 {[%emt 0:01:09]} 48. Qe4 {[%emt 0:00:43]} Re7 {[%emt 0:01:09]} 49. c4 {[%emt 0:02:45]} bxc4 {[%emt 0:00:37]} 50. Qxc4 {[%emt 0:00:05]} Nb6 {[%emt 0:01:59]} 51. Qe4 {[%emt 0:00:39]} Nd7 {[%emt 0:01:47]} 52. b5 {[%emt 0:00:51]} g5 {[%emt 0:02:23]} 53. Qf5 {[%emt 0:01:08]} Nxe5 {[%emt 0:00:38]} 54. fxe5 {[%emt 0:00:57]} Qg6 {[%emt 0:00:05]} 55. Qf1 {[%emt 0:02:56]} h4 {[%emt 0:03:06]} 56. Nc5 {[%emt 0:01:04]} Kh7 {[%emt 0:00:56]} 57. e6 {[%emt 0:00:34]} g4 {[%emt 0:00:28]} 58. hxg4 {[%emt 0:00:16]} Qxg4 {[%emt 0:00:01]} 59. Qf3 {[%emt 0:00:31]} Qg5 {[%emt 0:01:01]} 60. Nd7 {[%emt 0:00:26]} Kg6 {[%emt 0:00:31]} 61. b6 {[%emt 0:00:18]} h3 {[%emt 0:00:26]} 62. b7 {[%emt 0:00:29]} Re8 {[%emt 0:00:23]} 63. Qf7+ {[%emt 0:00:36]} Kh6 {[%emt 0:00:06]} 64. Qf6+ {[%emt 0:00:05]} 1-0

[Event "RUS-ch Boys U21 2020"]
[Site "Moscow"]
[Date "2020.12.10"]
[Round "3"]
[White "Gaifullin, Artur"]
[Black "Makarian, Rudik"]
[Result "1/2-1/2"]
[WhiteElo "2460"]
[BlackElo "2441"]
[Annotator "broadcasts"]
[PlyCount "113"]
[EventDate "2020.12.08"]
[EventType "tourn"]
[EventCountry "RUS"]

1. d4 {[%emt 0:00:00]} Nf6 {[%emt 0:06:12]} 2. Nf3 {[%emt 0:00:00]} e6 {[%emt 0:00:19]} 3. Bf4 {[%emt 0:00:29]} Be7 {[%emt 0:02:05]} 4. Nbd2 {[%emt 0:01:18]} d5 {[%emt 0:05:04]} 5. e3 {[%emt 0:00:08]} O-O {[%emt 0:01:27]} 6. Bd3 {[%emt 0:00:12]} b6 {[%emt 0:01:51]} 7. O-O {[%emt 0:01:34]} Bb7 {[%emt 0:02:30]} 8. c3 {[%emt 0:02:07]} Nbd7 {[%emt 0:01:48]} 9. Qa4 {[%emt 0:01:41]} a6 {[%emt 0:01:21]} 10. Rad1 {[%emt 0:02:56]} c5 {[%emt 0:01:10]} 11. Ne5 {[%emt 0:01:38]} b5 {[%emt 0:07:09]} 12. Qc2 {[%emt 0:00:05]} c4 {[%emt 0:00:05]} 13. Be2 {[%emt 0:00:03]} Nxe5 {[%emt 0:01:05]} 14. dxe5 {[%emt 0:02:49]} Nd7 {[%emt 0:00:12]} 15. Nf3 {[%emt 0:00:09]} Qc7 {[%emt 0:04:02]} 16. h4 {[%emt 0:01:37]} Rfc8 {[%emt 0:11:15]} 17. h5 {[%emt 0:00:49]} h6 {[%emt 0:00:23]} 18. Bg3 {[%emt 0:04:34]} Nc5 {[%emt 0:03:58]} 19. Nd4 {[%emt 0:02:00]} b4 {[%emt 0:08:30]} 20. cxb4 {[%emt 0:02:05]} Ne4 {[%emt 0:00:08]} 21. Bh2 {[%emt 0:00:03]} c3 {[%emt 0:05:51]} 22. f3 {[%emt 0:08:43]} Nd2 {[%emt 0:02:19]} 23. Rxd2 {[%emt 0:00:45]} cxd2 {[%emt 0:00:12]} 24. Qxd2 {[%emt 0:00:02]} a5 {[%emt 0:02:02]} 25. b5 {[%emt 0:00:12]} Bb4 {[%emt 0:03:16]} 26. Qd3 {[%emt 0:01:27]} a4 {[%emt 0:00:07]} 27. a3 {[%emt 0:04:26]} Bc5 {[%emt 0:00:10]} 28. Bg3 {[%emt 0:01:48]} Qb6 {[%emt 0:10:52]} 29. Nc2 {[%emt 0:00:09]} Rd8 {[%emt 0:01:37]} 30. Bf2 {[%emt 0:00:37]} Bc8 {[%emt 0:00:16]} 31. b4 {[%emt 0:02:16]} axb3 {[%emt 0:02:26]} 32. Qxb3 {[%emt 0:00:05]} Qa5 {[%emt 0:01:59]} 33. Rb1 {[%emt 0:02:59]} Bb7 {[%emt 0:01:13]} 34. Be1 {[%emt 0:02:58]} Qb6 {[%emt 0:01:38]} 35. a4 {[%emt 0:01:37]} d4 {[%emt 0:00:04]} 36. a5 {[%emt 0:00:11]} Rxa5 {[%emt 0:00:03]} 37. Bxa5 {[%emt 0:00:06]} Qxa5 {[%emt 0:00:03]} 38. exd4 {[%emt 0:02:07]} Bb6 {[%emt 0:00:45]} 39. Qb4 {[%emt 0:04:49]} Qa2 {[%emt 0:03:02]} 40. Bd3 {[%emt 0:00:00]} Qa7 {[%emt 0:00:00]} 41. Kf1 {[%emt 0:02:32]} Qa8 {[%emt 0:06:16]} 42. Ra1 {[%emt 0:10:23]} Qc8 {[%emt 0:00:43]} 43. Ke2 {[%emt 0:00:48]} Rd7 {[%emt 0:00:31]} 44. Ra4 {[%emt 0:08:08]} Qd8 {[%emt 0:01:12]} 45. Qd2 {[%emt 0:09:33]} Qh4 {[%emt 0:01:22]} 46. Qe3 {[%emt 0:01:07]} Qxh5 {[%emt 0:07:35]} 47. Be4 {[%emt 0:02:28]} g5 {[%emt 0:06:44]} 48. Bc6 {[%emt 0:05:30]} Rc7 {[%emt 0:00:44]} 49. Qe4 {[%emt 0:00:08]} Qh1 {[%emt 0:07:06]} 50. Ne3 {[%emt 0:07:47]} Kg7 {[%emt 0:06:02]} 51. f4 {[%emt 0:08:18]} gxf4 {[%emt 0:03:00]} 52. Qxf4 {[%emt 0:02:20]} Rxc6 {[%emt 0:01:51]} 53. bxc6 {[%emt 0:00:54]} Bxc6 {[%emt 0:00:02]} 54. Rb4 {[%emt 0:01:01]} Bd8 {[%emt 0:00:07]} 55. d5 {[%emt 0:03:45]} Bxd5 {[%emt 0:02:09]} 56. Qg4+ {[%emt 0:08:33]} Bg5 {[%emt 0:00:03]} 57. Nxd5 {[%emt 0:05:30]} 1/2-1/2

[Event "RUS-ch Boys U21 2020"]
[Site "Moscow"]
[Date "2020.12.10"]
[Round "3"]
[White "Ofitserian, Boris"]
[Black "Nesterov, Arseniy"]
[Result "0-1"]
[WhiteElo "2376"]
[BlackElo "2498"]
[Annotator "broadcasts"]
[PlyCount "42"]
[EventDate "2020.12.08"]
[EventType "tourn"]
[EventCountry "RUS"]

1. Nf3 {[%emt 0:01:26]} d5 {[%emt 0:00:33]} 2. e3 {[%emt 0:00:10]} Nf6 {[%emt 0:00:06]} 3. c4 {[%emt 0:00:05]} c6 {[%emt 0:00:04]} 4. Nc3 {[%emt 0:00:07]} e6 {[%emt 0:00:06]} 5. b3 {[%emt 0:00:09]} Bd6 {[%emt 0:00:08]} 6. Bb2 {[%emt 0:00:06]} O-O {[%emt 0:00:09]} 7. Qc2 {[%emt 0:00:14]} e5 {[%emt 0:00:14]} 8. d4 {[%emt 0:21:35]} e4 {[%emt 0:16:21]} 9. Ne5 {[%emt 0:01:06]} Be6 {[%emt 0:05:47]} 10. f3 {[%emt 0:07:52]} exf3 {[%emt 0:02:14]} 11. gxf3 {[%emt 0:00:14]} Nbd7 {[%emt 0:11:54]} 12. f4 {[%emt 0:00:34]} Bxe5 {[%emt 0:01:09]} 13. dxe5 {[%emt 0:27:20]} Ng4 {[%emt 0:00:12]} 14. Nd1 {[%emt 0:02:56]} Qh4+ {[%emt 0:02:17]} 15. Kd2 {[%emt 0:00:07]} dxc4 {[%emt 0:05:00]} 16. bxc4 {[%emt 0:05:11]} Rfd8 {[%emt 0:06:05]} 17. Kc1 {[%emt 0:00:17]} Nxe3 {[%emt 0:06:24]} 18. Nxe3 {[%emt 0:15:19]} Qxf4 {[%emt 0:00:10]} 19. Qe2 {[%emt 0:01:31]} Nc5 {[%emt 0:01:37]} 20. Bc3 {[%emt 0:10:26]} Rd3 {[%emt 0:01:35]} 21. Bd2 {[%emt 0:00:33]} Rad8 {[%emt 0:00:29]} 0-1

[Event "RUS-ch Boys U21 2020"]
[Site "Moscow"]
[Date "2020.12.11"]
[Round "4"]
[White "Gaifullin, Artur"]
[Black "Lobanov, Sergei"]
[Result "1/2-1/2"]
[WhiteElo "2460"]
[BlackElo "2522"]
[Annotator "TA"]
[PlyCount "30"]
[EventDate "2020.12.08"]
[EventType "tourn"]
[EventCountry "RUS"]

{[%evp 29,30,0,0]} 1. e4 e5 2. Nf3 Nc6 3. Bb5 a6 4. Bxc6 dxc6 5. O-O Bg4 6. h3 h5 7. c3 Qd3 8. hxg4 hxg4 9. Nxe5 Bd6 10. Nxd3 Bh2+ 11. Kh1 Bg3+ 12. Kg1 Bh2+ 13. Kh1 Bg3+ 14. Kg1 Bh2+ 15. Kh1 {[#]} Bg3+ $146 ({Predecessor:} 15... Bf4+) 1/2-1/2

[Event "RUS-ch Boys U21 2020"]
[Site "Moscow"]
[Date "2020.12.11"]
[Round "4"]
[White "Makarian, Rudik"]
[Black "Triapishko, Alexandr"]
[Result "1/2-1/2"]
[WhiteElo "2441"]
[BlackElo "2506"]
[Annotator "TA"]
[PlyCount "75"]
[EventDate "2020.12.08"]
[EventType "tourn"]
[EventCountry "RUS"]

{[%evp 12,75,0,0,6,-19,1,14,24,33,26,9,34,0,66,52,51,50,75,64,156,158,161,106,192,130,129,115,123,131,92,43,60,27,37,32,44,52,60,53,82,7,8,0,0,-25,-8,-44,-29,-58,0,0,0,0,0,0,0,0,0,0,0,0,0,0,0,0]} 1. d4 Nf6 2. c4 e6 3. Nf3 d5 4. Nc3 Bb4 5. Qa4+ Nc6 6. a3 Bxc3+ 7. bxc3 Ne4 {D38: Queen's Gambit Declined: Ragozin Defence (4 Nf3 Bb4).} 8. Bf4 O-O {[#] 8...Nxc3 is the modern continuation.} 9. e3 $146 ({Predecessor:} 9. Qc2 b6 10. cxd5 exd5 11. e3 g5 12. Bg3 Bf5 13. Bd3 Re8 14. O-O Na5 15. Nd2 {½-½ (63) L'Ami,E (2619)-Vishnu,P (2503) Hoogeveen 2015}) 9... Nxc3 10. Qc2 Ne4 11. Bd3 f5 12. h3 {[%mdl 1024] White has compensation.} Bd7 (12... b6 $11) 13. O-O Be8 14. Rab1 g5 15. Bh2 g4 (15... b6 $14) 16. hxg4 $16 fxg4 17. Nd2 (17. Bxe4 $18 dxe4 18. Nd2) 17... g3 (17... Nxd2 $16 18. Qxd2 Rb8) 18. fxg3 ({White should play} 18. Bxg3 $18 Nxg3 19. fxg3 (19. Bxh7+ Kg7 $16) 19... Rxf1+ 20. Nxf1) 18... Rxf1+ 19. Rxf1 Nxd2 20. Qxd2 Bg6 21. Be2 Qe7 22. Qb2 Na5 23. c5 Rf8 24. Rxf8+ Kxf8 25. g4 b6 26. Bb5 ({White should try} 26. Qb5 $16) 26... Nc4 $11 27. Qf2+ Kg8 28. c6 Nxa3 29. Ba6 Nc4 30. Qf4 Qa3 (30... Be8 $15) 31. Bxc4 {The position is equal.} dxc4 32. Qxc7 Qxe3+ {[%mdl 64] [#] Double Attack} 33. Kh1 Qe1+ 34. Bg1 {White threatens Qd8+ and mate.} Qh4+ 35. Bh2 $1 {Strongly threatening Qb8+.} Qe1+ 36. Bg1 {[#] White wants to mate with Qd8+.} Qh4+ 37. Bh2 $1 {Hoping for Qb8+.} Qe1+ 38. Bg1 {Blacks defense is rewarded with a draw.  Weighted Error Value: White=0.20/Black=0.18} 1/2-1/2